|
|
|
|
| LEADER |
03404nam a2200721 4500 |
| 001 |
ocn858778380 |
| 003 |
OCoLC |
| 005 |
20170124072005.7 |
| 006 |
m o d |
| 007 |
cr ||||||||||| |
| 008 |
130920s2014 enk ob 001 0 eng |
| 010 |
|
|
|a 2013038450
|
| 040 |
|
|
|a DLC
|b eng
|e rda
|e pn
|c DLC
|d YDX
|d CUS
|d DG1
|d YDXCP
|d N$T
|d CDX
|d OCLCF
|d RECBK
|d NLGGC
|d OCLCO
|d E7B
|d OCLCQ
|d OCLCO
|d DG1
|d GrThAP
|
| 019 |
|
|
|a 856567271
|a 959865917
|a 961555231
|a 962563259
|
| 020 |
|
|
|a 9781118339527
|q (ePub)
|
| 020 |
|
|
|a 1118339525
|q (ePub)
|
| 020 |
|
|
|a 9781118339534
|q (Adobe PDF)
|
| 020 |
|
|
|a 1118339533
|q (Adobe PDF)
|
| 020 |
|
|
|a 9781118339503
|q (electronic bk.)
|
| 020 |
|
|
|a 1118339509
|q (electronic bk.)
|
| 020 |
|
|
|z 9781118339541
|q (pbk. ;
|q alk. paper)
|
| 029 |
1 |
|
|a GBVCP
|b 790211890
|
| 029 |
1 |
|
|a NZ1
|b 15495747
|
| 035 |
|
|
|a (OCoLC)858778380
|z (OCoLC)856567271
|z (OCoLC)959865917
|z (OCoLC)961555231
|z (OCoLC)962563259
|
| 042 |
|
|
|a pcc
|
| 050 |
0 |
0 |
|a RC606.6
|
| 060 |
1 |
0 |
|a WC 503.7
|
| 072 |
|
7 |
|a HEA
|x 039000
|2 bisacsh
|
| 072 |
|
7 |
|a MED
|x 014000
|2 bisacsh
|
| 072 |
|
7 |
|a MED
|x 022000
|2 bisacsh
|
| 072 |
|
7 |
|a MED
|x 112000
|2 bisacsh
|
| 072 |
|
7 |
|a MED
|x 045000
|2 bisacsh
|
| 082 |
0 |
0 |
|a 616.97/920651
|2 23
|
| 049 |
|
|
|a MAIN
|
| 245 |
0 |
0 |
|a HIV and psychiatry /
|c edited by John A. Joska, Dan J. Stein, Igor Grant.
|
| 264 |
|
1 |
|a Chichester, West Sussex, UK :
|b Wiley Blackwell,
|c 2014.
|
| 300 |
|
|
|a 1 online resource.
|
| 336 |
|
|
|a text
|b txt
|2 rdacontent
|
| 337 |
|
|
|a computer
|b c
|2 rdamedia
|
| 338 |
|
|
|a online resource
|b cr
|2 rdacarrier
|
| 490 |
1 |
|
|a Evidence and experience in psychiatry
|
| 490 |
1 |
|
|a Current science and clinical practice series
|
| 504 |
|
|
|a Includes bibliographical references and index.
|
| 505 |
0 |
|
|a Epidemiology of psychopathology in HIV / Milton L. Wainberg, Karen McKinnon and Francine Cournos -- Pathogenesis of mental health disorders in HIV / Gursharan Chana, Chad A. Bousman and Ian P. Everall -- Clinical aspects of HIV-related neurocognitive disorders / Nicholas W.S. Davies and Bruce J. Brew -- Treatment of psychiatric disorders in HIV / Maria Ferrara, Ignacio Perez Valero, David J. Moore, Adam F. Knight, Nichole A. Duarte and J. Hampton Atkinson -- Special populations and public health aspects / Francine Cournos, Karen McKinnon, Veronica Pinho and Milton Wainberg.
|
| 588 |
0 |
|
|a Print version record and CIP data provided by publisher.
|
| 650 |
|
0 |
|a HIV-positive persons
|x Psychology.
|
| 650 |
|
2 |
|a HIV Infections
|x psychology.
|
| 650 |
|
2 |
|a HIV Infections
|x physiopathology.
|
| 650 |
|
7 |
|a HEALTH & FITNESS
|x Diseases
|x General.
|2 bisacsh
|
| 650 |
|
7 |
|a MEDICAL
|x Clinical Medicine.
|2 bisacsh
|
| 650 |
|
7 |
|a MEDICAL
|x Diseases.
|2 bisacsh
|
| 650 |
|
7 |
|a MEDICAL
|x Evidence-Based Medicine.
|2 bisacsh
|
| 650 |
|
7 |
|a MEDICAL
|x Internal Medicine.
|2 bisacsh
|
| 650 |
|
7 |
|a HIV-positive persons
|x Psychology.
|2 fast
|0 (OCoLC)fst00949927
|
| 655 |
|
4 |
|a Electronic books.
|
| 700 |
1 |
|
|a Joska, John A.,
|d 1969-
|e editor.
|
| 700 |
1 |
|
|a Stein, Dan J.,
|e editor.
|
| 700 |
1 |
|
|a Grant, Igor,
|d 1942-
|e editor.
|
| 776 |
0 |
8 |
|i Print version:
|t HIV and psychiatry.
|d Chichester, West Sussex : John Wiley & Sons Inc., 2014
|z 9781118339541
|w (DLC) 2013037721
|
| 830 |
|
0 |
|a WPA series, evidence and experience in psychiatry.
|
| 830 |
|
0 |
|a Current science and clinical practice series.
|
| 856 |
4 |
0 |
|u https://doi.org/10.1002/9781118339503
|z Full Text via HEAL-Link
|
| 994 |
|
|
|a 92
|b DG1
|